| 000 | 00485nam a2200157Ia 4500 | ||
|---|---|---|---|
| 008 | 210716s2017 xx 000 0 und d | ||
| 020 | _a9789339221607 | ||
| 041 | _aeng | ||
| 082 | _a651.7 CARP | ||
| 100 | _aCardon, Peter W. | ||
| 245 |
_aBusiness communication: developing leaders for a networked world. _bDeveloping leaders for a networked world. |
||
| 250 | _a1 | ||
| 260 |
_aChennai _bMcgraw Hill Companies,Inc. _c2017 |
||
| 300 | _axxxv,556 | ||
| 650 | _aBusiness Communication | ||
| 999 |
_c211009 _d211009 |
||